00332 2200145 4500245004400000250001100044100002400055650001600079650001700095005001900112260001800131041001400149084001400163336000900177 aDearest LifecVina Fatimah MadanihText aCet. 1 aVina Fatimah Madani aKarya Siswa aAutobiografi a20250521100947 aJakartac2025 aIndonesia a081 VIN d atext